000 00334pab a2200145 454500
008 180718b1991 xxu||||| |||| 00| 0 eng d
100 _aUmesh Nila
245 _aTechnology and fate of unions
260 _c1991
300 _a33-7
362 _a28 Jan.4 Feb.
650 _aLabour Unions
773 _aIndian Worker
909 _a12282
999 _c12282
_d12282